PLANT BIOTECHNOLOGY TRENDS AND TECHNIQUES (Record no. 216257)

MARC details
000 -LEADER
fixed length control field 00466nam a22001457a 4500
008 - FIXED-LENGTH DATA ELEMENTS--GENERAL INFORMATION
fixed length control field 251121b |||||||| |||| 00| 0 eng d
020 ## - INTERNATIONAL STANDARD BOOK NUMBER
International Standard Book Number 979-8-88715-093-2
100 ## - MAIN ENTRY--PERSONAL NAME
Personal name PATISON, MAYKO
245 ## - TITLE STATEMENT
Title PLANT BIOTECHNOLOGY TRENDS AND TECHNIQUES
260 ## - PUBLICATION, DISTRIBUTION, ETC.
Place of publication, distribution, etc. DUBLIN
Name of publisher, distributor, etc. ORYSON PRESS
Date of publication, distribution, etc. 2023
300 ## - PHYSICAL DESCRIPTION
Extent IX , 275P
650 ## - SUBJECT ADDED ENTRY
Topical term or geographic name entry element 1. PLANT BIOTECHNOLOGY 2 PLANTS - GENETIC ENGINEERING 3. PLANT BIOTECHNOLOGY - RESEARCH TRENDS
942 ## - ADDED ENTRY ELEMENTS (KOHA)
Source of classification or shelving scheme Dewey Decimal Classification
Koha item type Long Loan Book
Holdings
Withdrawn status Lost status Source of classification or shelving scheme Damaged status Not for loan Collection Home library Current library Shelving location Date acquired Inventory number Total checkouts Full call number Barcode Date last seen Copy number Price effective from Koha item type
    Library of Congress Classification     Science & Technology Kisii University Library Kisii University Library On Display 11/21/2025 110023   TP 248.27 .P55P38 2023 000000002148 11/21/2025 C.1 11/21/2025 Long Loan Book
    Library of Congress Classification     Science & Technology Kisii University Library Kisii University Library On Display 11/21/2025 110024   TP 248.27 .P55P38 2023 000000002147 11/21/2025 C.2 11/21/2025 Long Loan Book
    Library of Congress Classification     Science & Technology Kisii University Library Kisii University Library On Display 11/21/2025 110025   TP 248.27 .P55P38 2023 000000002146 11/21/2025 C.3 11/21/2025 Long Loan Book
    Library of Congress Classification     Science & Technology Kisii University Library Kisii University Library On Display 11/21/2025 110026   TP 248.27 .P55P38 2023 000000002145 11/21/2025 C.4 11/21/2025 Long Loan Book